<?xml version="1.0" encoding="UTF-8"?>
<collection xmlns="http://www.loc.gov/MARC21/slim">
 <record>
  <leader>01493nam a2200361 a 4500</leader>
  <controlfield tag="001">18893</controlfield>
  <controlfield tag="003">BD-DhAAL</controlfield>
  <controlfield tag="008">090729s2007    enk           001 0 eng d</controlfield>
  <datafield tag="999" ind1=" " ind2=" ">
   <subfield code="c">2921</subfield>
   <subfield code="d">2921</subfield>
  </datafield>
  <datafield tag="020" ind1=" " ind2=" ">
   <subfield code="a">085369687X</subfield>
  </datafield>
  <datafield tag="020" ind1=" " ind2=" ">
   <subfield code="a">9780853696872</subfield>
  </datafield>
  <datafield tag="040" ind1=" " ind2=" ">
   <subfield code="a">MTG</subfield>
   <subfield code="c">MTG</subfield>
   <subfield code="d">BAKER</subfield>
   <subfield code="d">ORE</subfield>
   <subfield code="d">BD-DhAAL</subfield>
  </datafield>
  <datafield tag="082" ind1="0" ind2="0">
   <subfield code="a">615.1141</subfield>
   <subfield code="2">22</subfield>
  </datafield>
  <datafield tag="245" ind1="0" ind2="0">
   <subfield code="a">Martindale :</subfield>
   <subfield code="b">the complete drug reference /</subfield>
   <subfield code="c">edited by Sean C Sweetman.</subfield>
  </datafield>
  <datafield tag="246" ind1="3" ind2="0">
   <subfield code="a">Complete drug reference.</subfield>
  </datafield>
  <datafield tag="250" ind1=" " ind2=" ">
   <subfield code="a">Thirty-five edition</subfield>
  </datafield>
  <datafield tag="260" ind1=" " ind2=" ">
   <subfield code="a">London :</subfield>
   <subfield code="b">Pharmaceutical Press,</subfield>
   <subfield code="c">2007.</subfield>
  </datafield>
  <datafield tag="300" ind1=" " ind2=" ">
   <subfield code="a">viii, 1-2190 pages :</subfield>
   <subfield code="a">iii, 2191-3322 pages ;</subfield>
   <subfield code="c">28 cm.</subfield>
  </datafield>
  <datafield tag="362" ind1="0" ind2=" ">
   <subfield code="a">Volume 1.</subfield>
  </datafield>
  <datafield tag="500" ind1=" " ind2=" ">
   <subfield code="a">Previous ed.: 2005.</subfield>
  </datafield>
  <datafield tag="504" ind1=" " ind2=" ">
   <subfield code="a">Includes index.</subfield>
  </datafield>
  <datafield tag="541" ind1="1" ind2=" ">
   <subfield code="e">00018893, 18894</subfield>
  </datafield>
  <datafield tag="650" ind1=" " ind2="0">
   <subfield code="a">Pharmacopoeias.</subfield>
   <subfield code="9">40182</subfield>
  </datafield>
  <datafield tag="650" ind1=" " ind2="0">
   <subfield code="a">Pharmacopoeias</subfield>
   <subfield code="z">Great Britain</subfield>
   <subfield code="v">Databases.</subfield>
   <subfield code="9">40183</subfield>
  </datafield>
  <datafield tag="650" ind1=" " ind2="0">
   <subfield code="a">Drugs</subfield>
   <subfield code="v">Databases.</subfield>
   <subfield code="9">40184</subfield>
  </datafield>
  <datafield tag="650" ind1=" " ind2="2">
   <subfield code="a">Pharmacopoeias</subfield>
   <subfield code="z">Great Britain.</subfield>
   <subfield code="9">40185</subfield>
  </datafield>
  <datafield tag="650" ind1=" " ind2="2">
   <subfield code="a">Pharmaceutical Preparations.</subfield>
   <subfield code="9">40186</subfield>
  </datafield>
  <datafield tag="650" ind1=" " ind2="6">
   <subfield code="a">Pharmacopěs</subfield>
   <subfield code="z">Grande-Bretagne.</subfield>
   <subfield code="9">40187</subfield>
  </datafield>
  <datafield tag="700" ind1="1" ind2=" ">
   <subfield code="a">Sweetman, Sean C.</subfield>
   <subfield code="9">40188</subfield>
  </datafield>
  <datafield tag="852" ind1="4" ind2=" ">
   <subfield code="a">Ayesha Abed Library </subfield>
   <subfield code="j">General Stacks</subfield>
  </datafield>
  <datafield tag="942" ind1=" " ind2=" ">
   <subfield code="2">ddc</subfield>
   <subfield code="c">BK</subfield>
  </datafield>
  <datafield tag="952" ind1=" " ind2=" ">
   <subfield code="0">0</subfield>
   <subfield code="1">0</subfield>
   <subfield code="2">ddc</subfield>
   <subfield code="4">0</subfield>
   <subfield code="6">615_110000000000000_MAR_2007</subfield>
   <subfield code="7">0</subfield>
   <subfield code="9">2651</subfield>
   <subfield code="a">BRACUL</subfield>
   <subfield code="b">BRACUL</subfield>
   <subfield code="c">GEN</subfield>
   <subfield code="d">2009-07-23</subfield>
   <subfield code="e">Parash Publishers</subfield>
   <subfield code="g">17500.00</subfield>
   <subfield code="l">0</subfield>
   <subfield code="o">615.11 MAR</subfield>
   <subfield code="p">3010018893</subfield>
   <subfield code="r">2009-07-30</subfield>
   <subfield code="t">1</subfield>
   <subfield code="w">2009-07-30</subfield>
   <subfield code="y">BK</subfield>
  </datafield>
  <datafield tag="952" ind1=" " ind2=" ">
   <subfield code="0">0</subfield>
   <subfield code="1">0</subfield>
   <subfield code="2">ddc</subfield>
   <subfield code="4">0</subfield>
   <subfield code="6">615_110000000000000_MAR_2007</subfield>
   <subfield code="7">0</subfield>
   <subfield code="9">2652</subfield>
   <subfield code="a">BRACUL</subfield>
   <subfield code="b">BRACUL</subfield>
   <subfield code="c">GEN</subfield>
   <subfield code="d">2009-07-23</subfield>
   <subfield code="e">Parash Publishers.</subfield>
   <subfield code="g">17500.00</subfield>
   <subfield code="l">0</subfield>
   <subfield code="o">615.11 MAR</subfield>
   <subfield code="p">3010018894</subfield>
   <subfield code="r">2009-07-30</subfield>
   <subfield code="t">2</subfield>
   <subfield code="w">2009-07-30</subfield>
   <subfield code="y">BK</subfield>
  </datafield>
 </record>
</collection>
